Def Leppard Quiz - Statistics

General Stats
  • This quiz has been taken 281 times
  • The average score is 10 of 18
Answer Stats
Question Answer % Correct
Who was Def Leppard's original guitarist who died in 1991? Steve Clark
82%
Where is Def Leppard from? Sheffield, South Yorkshire, England,
74%
Who was the guitarist of Def Leppard's that was fired in July of 1982? Pete Willis
72%
Who is the current guitarist who replaced Pete Willis? Phil Collen
71%
What Michael Jackson album was the only album that kept Pyromania from topping the charts in 1983? Thriller
71%
How many singles were released from Hysteria? 7
70%
Who is the current guitarist who replaced Steve Clark for the Adrenalize tour? Vivian Campbell
64%
What single from Hysteria was Def Leppard's first chart topping single in the United Kingdom? Animal
58%
Which album was released in 1982? High N Dry
57%
Which album was released in 1981? On Through The Night
55%
What was the first released single from Hysteria in the US? Women
47%
What album includes the songs Two Steps Behind and Miss You In a Heartbeat as electric versions? Retro Active
42%
What song was written in honor of Steve Clark? White Lightning
40%
Which two albums are certified diamond (>10x Platinum)? Pyromania and Hysteria
38%
What was Def Leppard's original name? Atomic Mass
35%
What song did Def Leppard sing with Tim McGraw? Nine Lives
35%
What album is the previous song from? Songs From the Sparkle Lounge
30%
How old does Pyromania turn in 1983? 30
29%
No matching quizzes found
Score Distribution
Percent of People with Each Score
Percentile by Number Answered
Your Score History
You have not taken this quiz